| 000 | 00626 a2200241 4500 | ||
|---|---|---|---|
| 003 | 0199108 | ||
| 005 | 20251014202146.0 | ||
| 008 | 251014b |||||||| |||| 00| 0 eng d | ||
| 020 | _a978-1-108-73305-2 | ||
| 040 |
_cNile University of Nigeria Abuja _erda |
||
| 050 | _a KC 80 .S4 | ||
| 082 | _a KC 80 .S4 | ||
| 100 |
_aShaw .N Malcolm _d2025 |
||
| 245 | _aINTERNATIONAL LAW | ||
| 250 | _aNineth | ||
| 260 |
_aBritain _bCambridge _c2025 |
||
| 264 |
_aBritain _bCambridge _c2025 |
||
| 300 | _bxcv, 1213 pg., 35 cm | ||
| 336 | _2rdacontent | ||
| 338 | _2rdacarrier | ||
| 500 | _aINCLUDES INDEX | ||
| 942 |
_2lcc _cBK |
||
| 999 |
_c43765 _d43765 |
||